000 00383nam a2200157Ia 4500
003 GCL
008 140319s9999 xx 000 0 eng d
040 _aGCL /
_cGCL
082 0 4 _a792
_bE A
100 1 _aEVANS, CHERYI
245 1 0 _aACTING & THEATRE /
_cEVANS, CHERYI
260 _a[S.N] :
_bUSBORNE PUBLISHING LTD ،
_c1992
300 _a64
650 0 4 _aACTING
942 _2ddc
_cBK
999 _c25217
_d25217